000 00726nam a22002297a 4500
005 20170124110043.0
010 _aA-609114
020 _c100.00
_a8170831121
035 _aA-609114
037 _bCen Lib/Ret
040 _aDPL
_bEN
082 _a881
_bBAC
100 _aBaconika, Alexandra
_924017
245 _aLovers and lairs :
_cbyAlexandra Baconika; translated by Richars Scorza
_bpoems from the greek /
260 _aNew Delhi
_bSamkallen prakashan
_c1992
270 _bNew Delhi
_a2762, Rajguru marg Paharganj
_e110055
300 _a106p.
_c21cm(Hb)
650 _aGreek literature
_924018
650 _aGreek poetry
_924019
700 _aScorza, Richard
_924020
942 _2ddc
_cEN
_h881
_mBAC
999 _c128646
_d128646